Zwycięzcy UCL 1989-2021 - Statystyki

Ogólne statystyki
  • Ten quiz został rozwiązany 176 razy
  • Średni wynik to 28 z 32
Statystyki odpowiedzi
Sezon Zwycięzca % Poprawnych
1991/1992 Barcelona
99%
2005/2006 Barcelona
99%
2008/2009 Barcelona
99%
2010/2011 Barcelona
99%
2014/2015 Barcelona
99%
1997/1998 Real Madryt
99%
1999/2000 Real Madryt
99%
2001/2002 Real Madryt
99%
2013/2014 Real Madryt
99%
2015/2016 Real Madryt
99%
2016/2017 Real Madryt
99%
2017/2018 Real Madryt
99%
2000/2001 Bayern
96%
2012/2013 Bayern
96%
2019/2020 Bayern
96%
2011/2012 Chelsea
94%
2020/2021 Chelsea
94%
1989/1990 AC Milan
90%
1993/1994 AC Milan
90%
2002/2003 AC Milan
90%
2006/2007 AC Milan
90%
2004/2005 Liverpool
90%
2018/2019 Liverpool
90%
1998/1999 Manchester United
87%
2007/2008 Manchester United
87%
2009/2010 Inter Mediolan
82%
1995/1996 Juventus
76%
2003/2004 Porto
75%
1996/1997 Borussia Dortmund
68%
1994/1995 Ajax
62%
1990/1991 Crvena Zvezda
27%
1992/1993 Olympique Marsylia
23%
Nie znaleziono quizów pasujących do podanych kryteriów
Rozkład punktacji
Procent ludzi z każdym wynikiem
Percentyl według liczby udzielonych odpowiedzi
Twoja historia wyników
Nie rozwiązałeś tego quizu